| 000 | 00633nam a2200229Ia 4500 | ||
|---|---|---|---|
| 001 | 3227 | ||
| 003 | GE_BSU | ||
| 008 | 181216s||||||||xx |||||||||||||| ||und|| | ||
| 040 | _cGE_BSU | ||
| 080 | _a665.63(075.32) | ||
| 100 | _aСуханов.В.П. | ||
| 245 | _aПереработка нефти. | ||
| 245 | _bУчебник для проф.техн.учебн.завед. | ||
| 245 | _cРед. Е.А.Ляхович. | ||
| 260 | _aМ. | ||
| 260 | _bВысш. школа. | ||
| 260 | _c1974. | ||
| 300 | _a335 стр. с илл. 22 см. | ||
| 541 | _h10 л. | ||
| 653 | _aПереработка нефти. | ||
| 942 | _cBK | ||
| 999 |
_c37268 _d37268 |
||